000 01824nam a2200457 i 4500
001 000015510
003 DO-SdBNP
005 20260206124607.0
007 ta
008 100211s2009 dr a r 000 0 spa d
020 _a9789945434026
040 _aDO-SdBNP
_bspa
_cBNPHU
_erda
041 _aspa
082 4 _a364.097293
_bR175n
_222
100 1 _aRamos Jerez, Leoncio,
_d1894-1971
_eautor
_4aut.
_917088
245 1 0 _aNotas para una introducción a la criminología :
_bpara derecho y humanidades /
_cLeoncio Ramos ; editor, Wilfredo Mora.
264 1 _aSanto Domingo :
_bSociedad Dominicana de Criminología,
_c2009.
300 _a546 páginas :
_bilustraciones ;
_c24 cm.
336 _atexto
_btxt
_2rdacontent
337 _asin mediación
_bn
_2rdamedia
338 _avolumen
_bnc
_2rdacarrier
490 1 _aPensamiento Criminológico Dominicano
_v3
490 1 _aInformes de Criminología y Ciencias Forenses
500 _aIncluye índice onomástico y de materia
500 _aIncluye datos biográficos del autor en la contracubierta
500 _aIncluye referencias bibliográficas y notas al pie de las páginas
504 _aBibliografías : páginas 509-512
590 _aInventariado, 2026/BT
650 7 _aCriminología
_zRepública Dominicana
_917089
650 7 _aCriminología
_xInvestigaciones
_917089
650 4 _aAdministración de justicia penal
_915988
650 0 _aDerecho penal
_917405
650 0 _a Delincuentes
_917407
650 0 _aEnfermos mentales
_918253
650 4 _aAlcoholismo y crimen
_935033
650 4 _aSociología
_91061
700 1 _aMora, Wilfredo,
_d1965-
_eeditor
_4ed.
_912701
830 0 _aPensamiento Criminológico Dominicano ;
_pInformes de criminología y ciencias forenses
_n3
_935034
910 _aValidado. Control de calidad. MMOLINA
942 _2ddc
_cLBS1
999 _c15066
_d15066